La Ploma vermella /
ISBN:
9788409449378
Descripción Física:
50 pàgines no numerades: il·lustracions en color ; 24 x 24 cm
Otros Autores:
Lobo, Sira
Idioma:
Catalán
MARC
| LEADER | 00000nam a2200000 a 4500 | ||
|---|---|---|---|
| 001 | 27388 | ||
| 003 | Arxiu | ||
| 005 | 20260324181153.0 | ||
| 008 | 230222s2022 spca|||b ||||s00| 1 cat c | ||
| 017 | |a DL B. 19488-2022 | ||
| 020 | |a 9788409449378 | ||
| 040 | |a AGDB | ||
| 041 | 0 | |a cat | |
| 100 | 1 | |a Mas, Anna |e autora |9 55819 | |
| 245 | 1 | 3 | |a La Ploma vermella / |c textos d'Anna Mas ; il·lustracions de Sira Lobo |
| 246 | 1 | 3 | |a Conte del bandoler Perot Rocaguinarda |
| 250 | |a Primera edició | ||
| 260 | |a Olost : |b Ajuntament d'Olost, |c octubre de 2022 | ||
| 300 | |a 50 pàgines no numerades: |b il·lustracions en color ; |c 24 x 24 cm | ||
| 500 | |a Títol a la coberta: El Conte del bandoler Perot Rocaguinarda | ||
| 600 | 1 | 0 | |9 55816 |a Rocaguinarda, Perot, |d 1582-aproximadament 1635 |
| 655 | 0 | |a Contes infantils |9 67183 | |
| 700 | 1 | |a Lobo, Sira |e il·lustradora |9 55818 | |
| 710 | 1 | |9 55817 |a Olost (Catalunya). |b Ajuntament |e entitat editora | |
| 942 | |2 udc |c ARXIU |n 1 | ||
| 952 | |0 0 |1 0 |4 0 |6 BIB1053 |7 1 |9 65333 |a Arxiu |b Arxiu |d 2023-02-22 |o Bib-1053 |p 27388 |r 2023-02-22 00:00:00 |w 2023-02-22 |y ARXIU | ||
| 999 | |c 83084 |d 83084 | ||